000 00393 a2200145 4500
001 166457
020 _a
040 _cMagnum
100 _aMclaren, Peter
240 1 0 _aMulticulturalismo revolucionario: pedagogia do dissenso para o novo...
_lpor
245 1 0 _aMulticulturalismo revolucionario: pedagogia do dissenso para o novo...
362 0 _a1899
697 _aPEDAGOGIA
942 _cBK
999 _c166457
_d166457